Szczegóły MARC21

Siddhartha : poemat indyjski /

003 -Nazwa inst., której nr kontr. jest w polu 001 [,]
    • @
    • Nazwa instytucji, której n kontrolny jest w polu 001
    • NUKAT
005 -DATA I CZAS OSTATNIEJ MODYFIKACJI [,]
    • @
    • pole kontrolne
    • 20241231105749.0
020 -Międzynarod. znormalizowany nr książki - ISBN [ , ]
    • a
    • Numer ISBN
    • 8321006906 Find
040 -Instytucja sporządzająca opis [ , ]
    • a
    • Instytucja, która sporządziła opis (NP)
    • WR 16/kk
    • c
    • Instytucja, która sporządziła rekord (NP)
    • WR 16/kk
    • d
    • Instytucja, która zmodyfikowała rekord (P)
    • WR 16/ks
    • d
    • Instytucja, która zmodyfikowała rekord (P)
    • OLSZT 003/BKs
041 -Język dokumentu [1, ]
    • a
    • Język tekstu (P)
    • polski
    • h
    • Język tekstu oryginalnego i/lub pośredniego (P)
    • niemiecki
942 -Rodzaj dokumentu [ , ]
    • c
    • Rodzaj dokumentu
    • Książka
100 -Hasło główne - nazwa osobowa [1, ]
    • a
    • Nazwa osobowa (NP)
    • Hesse, Hermann
    • d
    • Daty biograficzne (NP)
    • (1877-1962).
    • 9
    • KHW
    • 51633
240 -Tytuł ujednolicony [1,0]
    • a
    • Tytuł ujednolicony
    • Siddhartha
    • l
    • Język tekstu
    • (pol.)
    • 9
    • KHW
    • 643245
245 -Strefa tytułu i oznaczenia odpowiedzialności [1,0]
    • a
    • Tytuł
    • Siddhartha : Find
    • b
    • Ciąg dalszy tytułu (NP)
    • poemat indyjski / Find
    • c
    • Pozostałe elementy strefy tytułu i oznaczenia odpowiedzialności (NP)
    • Hermann Hesse ; przeł. Małgorzata Łukasiewicz.
260 -Strefa adresu wydawniczego [ , ]
    • a
    • Miejsce wydania (P)
    • Poznań :
    • b
    • Nazwa wydawcy (P)
    • Wydaw. Poznańskie,
    • c
    • Data wydania (P)
    • 1988.
300 -Strefa opisu fizycznego [ , ]
    • a
    • Określenie formy książki i/lub objętość (NP)
    • 123, [4] s. ;
    • c
    • Format (NP)
    • 20 cm.
336 -Typ zawartości [ , ]
    • a
    • Termin opisujący typ zawartości
    • Tekst
    • b
    • Kod określający zawartość
    • txt
    • 2
    • Źródło (terminu i kodu)
    • rdacontent
337 -Typ mediów [ , ]
    • a
    • Tryb odtwarzania
    • Bez urządzenia pośredniczącego
    • b
    • Kod typu mediów
    • n
    • 2
    • Źródło (terminu i kodu)
    • rdamedia
338 -Typ/rodzaj nośnika [ , ]
    • a
    • Hasło opisujące typ nośnika
    • Wolumin
    • b
    • Kod typu nośnika
    • nc
    • 2
    • Źródło (terminu i kodu)
    • rdacarrier
080 -Uniwersalna Klasyfikacja Dziesiętna [ , ]
    • 2
    • Identyfikator wydania tablic
    • UDC-P058
    • a
    • Symbol klasyfikacji
    • 821.112.2-3
    • b
    • Dopowiedzenie
    • Literatura niemiecka. Powieści, nowele, opowiadania.
655 -Hasło w funkcji tematu formalnego [ ,7]
    • a
    • Hasło
    • Powieść niemiecka
    • y
    • Określnik chronologiczny
    • 1900-1945
    • v
    • Określnik formy
    • tłumaczenia polskie.
    • 2
    • Źródło terminu
    • kaba
    • 9
    • KHW
    • 351473
980 -Symbol UKD [ , ]
    • a
    • UKD
    • 821.112.2-3
700 -Hasło dodatkowe - nazwa osobowa [1, ]
    • a
    • Nazwa osobowa (NP)
    • Łukasiewicz, Małgorzata Find
    • d
    • Daty biograficzne (NP)
    • (1948- ).
    • e
    • Określenie rodzaju współpracy
    • Tł.
    • 9
    • KHW
    • 15331
710 -Hasło dodatkowe - nazwa ciała zbiorowego [2, ]
    • a
    • Nazwa ciała zbiorowego lub nazwa geograficzna jako pierwszy element (NP)
    • Wydawnictwo Poznańskie (1956-1992).
    • 4
    • Kod relacji
    • pbl
    • 9
    • KHW
    • 53696
920 -ISBN [ , ]
    • a
    • ISBN
    • 83-210-0690-6 Find
Uwagi nie widoczne w OPAC Data inwentaryzacji Lokalizacja Status udost. Numer inwentarzowy Sygnatura
retrokonwersja BG-3W.159575W.159575
retrokonwersja BG-3W.159576W.159575
retrokonwersja BG-3Z.73507Z.73507
retrokonwersja BM-3G.4289Pol. Literatura niemiecka